000 01010cam a22002651 4500
001 sa 65006525
003 DLC
005 20260227112143.0
008 900227s1961 ii b 000 0 sano
010 _asa 65006525
035 _a(OCoLC)21130357
040 _aDLC
_cWaU
_dDLC
041 0 _asaneng
042 _apremarc
050 0 0 _aPK3798.K5872
_bP8 1961
100 0 _aKr̥ṣṇadatta Maithila,
_dactive 1775.
245 1 0 _aKr̥ṣṇadattamaithilaviracitaṃ Purañjanacarita-nāṭakam.
_bPurañjanacaritanāṭaka of Kr̥ṣṇadatta Maithila.
_cCritically edited with introd., variation-footnotes and index by Sadashiva Lakshmidhara Katre.
250 _a1st ed.
260 _aNagpur,
_bVidarbha Saṁśodhana Maṇḍala,
_c1961.
300 _aviii, 78, 80 p. (p. 79-80 advertisements)
_c19 cm.
500 _aIn Sanskrit; foreword, contents and introd. in English.
504 _aBibliographical footnotes.
700 1 _aKatre, Sadashiva Lakshmidhara.
740 0 _aPurañjanacarita-nāṭakam.
999 _c64707
_d64707